| 000 | 00356nam a22001337a 4500 | ||
|---|---|---|---|
| 005 | 20250901165819.0 | ||
| 008 | 250409b |||||||| |||| 00| 0 eng d | ||
| 020 | _a9789976403848 | ||
| 050 | _aPL 8704.E86 2011 | ||
| 245 |
_aLIVING IN THE SHADE _cESMAIL NAHIDA |
||
| 260 |
_aMIKOCHENI _bOXFORD UNIVERSITY PRESS, TANZANIA _c2011 |
||
| 300 | _a120 | ||
| 942 | _2lcc | ||
| 999 |
_c9561 _d9561 |
||